| 000 | 007930000a22002530004500 | ||
|---|---|---|---|
| 003 | LK-CoMWRAF | ||
| 005 | 20231226125309.0 | ||
| 008 | 230817t1987 ||||| |||| 00| 0 eng d | ||
| 020 | _a0195616782 | ||
| 040 |
_aLK-CoMWRAF _dLK-CoMWRAF _eLK-CoMWRAF |
||
| 041 | _aeng | ||
| 082 |
_a392.5095 _bSRI |
||
| 100 | _aSrinivas, M.N | ||
| 245 | _aSome reflections on dowry | ||
| 250 | _a2nd ed. | ||
| 260 |
_aNew Delhi: _bOxford University Press for the Centre for Women's Development Studies, _c1984 |
||
| 300 | _a 32 p. ; 23 cm. | ||
| 505 | _aJ.P. Naik Memorial lecture, 1983 | ||
| 520 | _aStudy of the practice in India | ||
| 650 | _aDOWRY | ||
| 650 | _aIndia (Republic)- Marriage customs-Dowry | ||
| 856 | _uhttp://www.womenstudies.in/elib/dowry/dw_some_reflections.pdf | ||
| 942 | _cBK | ||
| 999 |
_c3176 _d3176 |
||